Etnikai kollektív jogok Az Új Szónak írta: Miroslav Kusý professzor

Bibliographic Details
Main Author: Kusý, Miroslav, 1931-2019 (Author)
Format: Article
Language:Hungarian
Subjects:

MARC

LEADER 00000nab a2200000 a 4500
001 vtls000595580
003 SK-MaSNL
005 20260319073453.0
008 180331c1996 xo 0 hun
015 |a SNBRB19rr/mm-uuuuu 
035 |a CL0595719 
040 |a SNKBUCL  |b slo  |c SNKBUCL  |e AACR2 
041 0 |a hun 
044 |a xo  |c SK 
080 |a 323.15  |2 1981 
080 |a 323.17  |2 1981 
100 1 |a Kusý, Miroslav,  |d 1931-2019  |4 aut  |9 181328 
245 1 0 |a Etnikai kollektív jogok  |b Az Új Szónak írta: Miroslav Kusý professzor  |c Miroslav Kusý 
650 0 7 |a národnostné menšiny  |2 snkbucl  |9 2669 
650 0 7 |a práva kolektívne  |2 snkbucl  |9 963740 
655 7 |a články z novín a časopisov  |2 snkbucl  |9 267496 
773 0 |t Új szó  |g Roč. 49, č. 185 (9. 8. 1996), s. 5 
850 |a Slovenská národná knižnica v Martine  |a DSG001 
852 |a SNK  |b KIS3GCP 
958 |a RK 
958 |a HU 
958 |a SK 
992 |a RBX 
999 |c 1613562  |d 1615492